| 000 | 00374nam a22001457a 4500 | ||
|---|---|---|---|
| 020 | _a1562059343 | ||
| 082 |
_222 _a005.4476 |
||
| 100 | _aCarling M ...[et al.]. | ||
| 245 | _aLinux systme administration / | ||
| 260 |
_aUSA, _bNew Riders, _cc2000. |
||
| 300 |
_axx, 337p. ; _bill. ; _c23 cm. |
||
| 700 | _aDegler, Stephen | ||
| 700 | _aand Dennis, James. | ||
| 942 |
_2ddc _cIT _01 |
||
| 999 |
_c1844 _d1844 |
||